[Event "RUS-ch Rapid Men 2018"]
[Site "Sochi"]
[Date "2018.10.05"]
[Round "3"]
[White "Rakhmanov, Aleksandr"]
[Black "Remizov, Yaroslav"]
[Result "1/2-1/2"]
[WhiteElo "2634"]
[BlackElo "2315"]
[Annotator "TA"]
[PlyCount "148"]
[EventDate "2018.10.05"]
[EventType "swiss"]
[EventCountry "RUS"]
[SourceTitle "playchess.com"]
[Source "ChessBase"]
[SourceQuality "1"]

{[%evp 16,148,-10,-10,-1,-33,-20,-66,-63,-59,-68,-66,-39,-66,-52,-41,-35,-100,-64,-64,-75,-72,46,39,46,30,39,34,31,-8,0,0,-8,-16,-15,-16,-6,-15,0,0,0,0,0,0,24,-17,-14,-10,-13,-15,-8,-8,0,0,0,-1,0,-16,0,0,0,0,12,11,8,-327,119,131,123,109,228,82,95,38,79,79,77,74,79,78,79,65,65,65,65,65,65,65,65,65,85,68,68,68,71,68,71,71,75,69,125,86,88,63,138,61,29972,29973,29973,29974,29973,0,29971,29966,29964,29968,29965,29970,29972,29973,29973,29974,29974,29972,29973,29973,29970,8,8,8,8,8,8,8,8]} 1. c4 Nf6 2. Nc3 e6 3. e4 d5 4. exd5 exd5 5. d4 Be7 6. Bd3 Be6 {C01: French: Exchange Variation} (6... dxc4 7. Bxc4 O-O 8. Nge2 Nbd7 9. O-O Nb6 10. Bb3 Bg4 11. f3 Bh5 12. Ng3 c5 13. Nxh5 Nxh5 14. dxc5 Bxc5+ 15. Kh1 Nf6 16. Bg5 h6 17. Qxd8 Rfxd8 18. Bxf6 gxf6 {½-½ (50) Rakhmanov,A (2653)-Bacrot,E (2725) Riadh 2017}) 7. cxd5 Nxd5 8. Nge2 Nc6 9. O-O {LiveBook: 4 Games} Qd7 10. a3 $146 ({Predecessor:} 10. Nxd5 Qxd5 11. Be3 Bf5 12. Nc3 Qd7 13. d5 Bxd3 14. Qxd3 {½-½ (66) Oprea,E (2188)-Biro,K (2087) Slovakia 2016}) 10... O-O-O 11. Be3 Nxe3 12. fxe3 Bg5 $1 {[%cal Rg5e3]} 13. Qc1 Na5 {...Nb3 is the strong threat.} 14. Bc2 $1 Rhe8 15. Ne4 Bh6 {Threatens to win with ...Bd5.} 16. Nf4 (16. Nc5 $15 Qe7 17. Nf4) 16... Bc4 17. Rf2 Qe7 18. Qe1 {[#]} Nb3 (18... Nc6 $1 $17) 19. Rd1 $14 f5 20. Qc3 $36 {[%mdl 2048] White has some pressure.} Bg8 21. Ng3 $1 {[%cal Rg3f5]} ({Much weaker is} 21. Bxb3 Bxb3 22. Qxb3 Qxe4 $15) 21... Qxe3 22. Nxf5 Qxc3 23. bxc3 Bxf4 24. Rxf4 g6 25. Nh6 Bd5 26. Ng4 Re2 27. Rf2 Rxf2 (27... Re7 {keeps more tension.} 28. Nf6 Bc4 29. g4 Re3 30. Nxh7 Rxc3 31. d5 c5) 28. Kxf2 Na5 29. Ne3 Nc4 30. Nxc4 (30. Nxd5 {seems wilder.} Rxd5 31. Bb3 Rf5+ 32. Ke2 b5 33. Rb1) 30... Bxc4 $11 {[%mdl 4096] Endgame KRB-KRB} 31. Re1 Kd7 32. Kg3 c6 33. h4 Bd5 34. Bd3 b5 35. Re5 Kd6 36. Be2 c5 37. Bxb5 cxd4 38. cxd4 Rb8 39. a4 a6 40. Re8 $2 {[%mdl 8192]} (40. Bxa6 $11 {and White is okay.} Rb3+ 41. Kf2) 40... Rb6 $2 (40... Rxe8 $19 41. Bxe8 Ke7 42. Bxg6 hxg6) 41. Rd8+ $16 Ke6 42. Be2 Rb3+ (42... Bc6 $16 {is a better defense.}) 43. Kf4 (43. Kh2 $18 {and the rest is easy. Black must now prevent Bg4+.} Be4 44. Bxa6) 43... Bxg2 44. Bg4+ ({White should play} 44. Bc4+ $16 Ke7 45. Bxb3 Kxd8 46. a5) 44... Ke7 $14 45. Rd7+ Kf6 46. Rd6+ Ke7 47. Rxa6 Rd3 48. Ra7+ Kf6 49. Rd7 $1 h6 {( -> ...g5+)} 50. Rd6+ Ke7 51. Rxg6 {Hoping for Re6+.} Rxd4+ 52. Kg3 Bf1 53. a5 Ra4 $1 54. Re6+ Kf7 55. Re5 {Strongly threatening Rf5+.} Ra3+ 56. Kf2 Bc4 57. Bc8 Ra4 (57... Kf6 $14 58. Rc5 Bd3) 58. Ke3 Kf6 59. Rc5 (59. Bd7 {looks sharper.} Ra3+ 60. Kd4 Bf1 61. Rc5 Ke7 62. Bf5) 59... Bf7 {[#]} (59... Ke7 $1 $14) 60. h5 ({Better is} 60. a6 $1 $16) 60... Rc4 $2 {[%mdl 8192]} (60... Ke7 $14) 61. Rxc4 Bxc4 {KB-KB} 62. Kd4 Be2 63. Ke3 $2 (63. Kc5 Ke7 64. Bh3 Kd8 65. Kb6 Bd3 66. Bg2 Be2 67. Bc6 Kc8 68. Bb5) 63... Bf1 $2 {[%mdl 8192]} (63... Bc4 $11) 64. Kf4 Be2 65. Bg4 Ba6 66. Ke4 Bf1 67. Kd5 Ke7 68. Kc6 Kd8 69. Kd6 Bc4 70. Bf3 Kc8 71. Ke7 $2 (71. Kc5 {mates} Bf1 72. Kb6 Kb8 73. Bb7 (73. a6 Bxa6 74. Kxa6 Kc7 $11) 73... Be2 74. a6 Bxa6 75. Bxa6 Ka8 76. Kc7) 71... Kb8 $1 $11 {The position is equal.} 72. Kf6 Ka7 $1 73. Kg6 Ka6 74. Kxh6 Bf7 $1 {Precision: White = 49%, Black = 43%.} 1/2-1/2

[Event "RUS-ch Rapid Men 2018"]
[Site "Sochi"]
[Date "2018.10.05"]
[Round "3"]
[White "Lysyj, Igor"]
[Black "Kezin, Roman"]
[Result "1/2-1/2"]
[WhiteElo "2631"]
[BlackElo "2471"]
[Annotator "TA"]
[PlyCount "75"]
[EventDate "2018.10.05"]
[EventType "swiss"]
[EventCountry "RUS"]
[SourceTitle "playchess.com"]
[Source "ChessBase"]
[SourceQuality "1"]

{[%evp 16,75,0,0,6,-14,-18,-14,-4,-36,-19,-29,-43,-74,-80,-52,-56,-77,-67,-69,-68,-64,-68,-80,-58,-64,-19,-31,-25,-29,-29,-27,-19,-24,-29,-85,-5,-3,0,0,0,0,0,-2,-3,-6,0,0,0,0,0,-14,0,-28,0,0,0,0,0,0,0,0]} 1. d4 d5 2. c4 e6 3. Nf3 Nf6 4. g3 Be7 5. Bg2 O-O 6. b3 dxc4 7. bxc4 c5 8. O-O cxd4 {A14: English Opening: 1...e6 with b3 by White} 9. Nxd4 {LiveBook: 10 Games} Qb6 {[#] And now ...Rd8 would win.} 10. Nb3 Rd8 11. Qc2 Nc6 12. Nc3 $146 ({Predecessor:} 12. Be3 Qa6 13. N1d2 Bd7 14. Nc5 Bxc5 15. Bxc5 Rac8 16. Rfc1 {0-1 (35) So,W (2788)-Dominguez Perez,L (2739) Saint Louis 2017}) 12... Bd7 13. Be3 Qa6 14. c5 Nb4 15. Qb2 Bc6 16. Bxc6 Nxc6 ({Avoid the trap} 16... Qxc6 $2 17. Na5 $18) 17. Rad1 h6 18. Bf4 Rac8 19. h3 b6 20. cxb6 Qxb6 21. Rxd8+ Rxd8 22. Rd1 Rxd1+ 23. Nxd1 Nd5 24. Bd2 Bf6 25. Qc1 {[#]} (25. Qa3 $11 {keeps the balance.}) 25... Ndb4 (25... Qa6 $1 $17 26. Ne3 Nce7) 26. a3 $11 Nd5 27. Qc4 Nd4 28. Nxd4 Qxd4 29. Qc8+ Kh7 30. Qc2+ Kg8 31. Kg2 Nb6 32. Ne3 Be7 33. Bc1 Qc5 34. Qd1 Nc4 35. Nxc4 $1 {The position is equal.} Qxc4 36. Be3 Bxa3 37. Bxa7 Bc5 38. Bxc5 {Precision: White = 55%, Black = 60%.} 1/2-1/2

[Event "RUS-ch Rapid Men 2018"]
[Site "Sochi"]
[Date "2018.10.05"]
[Round "3"]
[White "Paravyan, David"]
[Black "Dzhumagaliev, Yan"]
[Result "1-0"]
[WhiteElo "2629"]
[BlackElo "2410"]
[Annotator "TA RC"]
[PlyCount "73"]
[EventDate "2018.10.05"]
[EventType "swiss"]
[EventCountry "RUS"]
[SourceTitle "playchess.com"]
[Source "ChessBase"]
[SourceQuality "1"]

{[%evp 17,73,4,17,23,30,13,19,6,15,0,0,0,31,12,77,79,88,71,81,71,108,76,156,139,158,161,211,211,270,170,170,173,173,173,173,173,173,162,154,162,197,194,232,194,329,269,452,434,515,499,572,572,522,356,1677,1609,1639,1651]} 1. d4 Nf6 2. c4 e6 3. g3 d5 4. Bg2 Bb4+ 5. Nd2 O-O 6. Ngf3 dxc4 7. O-O c3 8. bxc3 Bxc3 9. Rb1 Nc6 {LiveBook: 3 Games. E04: Open Catalan: 5 Nf3} (9... a5 10. a3 Bxd2 11. Bxd2 b6 12. Rc1 Bb7 13. Bg5 Na6 14. Qd3 Ra7 15. Ne5 Bxg2 16. Kxg2 Qd5+ 17. f3 c5 18. Rfd1 Nd7 19. Qb5 Nab8 20. Bf4 Nxe5 21. Bxe5 Nd7 {½-½ (21) Bai,J (2544)-Tiviakov,S (2609) Groningen 2016}) 10. e3 Nd5 11. Ba3 Bb4 {The position is equal.} 12. Bxb4 Ndxb4 $146 ({Predecessor:} 12... Ncxb4 13. Qb3 a5 14. a3 a4 15. Qb2 Nc6 16. Rfc1 Ra7 17. Ne4 {1-0 (68) Irmer,F (2307)-Teske,H (2228) Remote email 2013}) 13. Nc4 Nd5 14. Qb3 Nb6 15. Rfc1 Nxc4 (15... f6 $11) 16. Qxc4 $16 a5 17. Nd2 {[%mdl 1024] White has strong compensation.} e5 {[%cal Re5d4]} 18. d5 {[%cal Bd4d5,Bd5d6][%mdl 32]} Ne7 19. Qc5 $36 {[%mdl 2048] White is really pushing.} c6 (19... Re8 $142) 20. d6 Nd5 21. Nc4 Nb4 {[#] Threatens to win with ...Nd3.} 22. Nxe5 b6 23. Nxc6 bxc5 24. Nxd8 Ra6 25. Nb7 Bxb7 26. Bxb7 Rxd6 27. Rxc5 Nxa2 28. Rxa5 Nc3 29. Rb3 Rd1+ 30. Kg2 Ne2 (30... Rb1 $142 31. Rxb1 (31. Rxc3 Rxb7 32. Kf3 g6 $16) 31... Nxb1) 31. Rb2 Ng1 $2 (31... Nc3 32. Rc2 Rb1) 32. h4 g6 33. Rd5 Ra1 34. Rd7 Rb8 {[#]} 35. Rxf7 $1 {[%mdl 512]} Ne2 $2 (35... Kxf7 36. Bd5+ Kg7 37. Rxb8 Ne2 38. Rb7+ Kh8) 36. Rc7 $18 {White wants to mate with Bd5+.} Rg1+ 37. Kh2 {Precision: White = 83%, Black = 40%.} 1-0

[Event "RUS-ch Rapid Men 2018"]
[Site "Sochi"]
[Date "2018.10.05"]
[Round "3"]
[White "Ponkratov, Pavel"]
[Black "Bocharov, Dmitry"]
[Result "1-0"]
[WhiteElo "2628"]
[BlackElo "2557"]
[Annotator "RC"]
[PlyCount "77"]
[EventDate "2018.10.05"]
[EventType "swiss"]
[EventCountry "RUS"]
[SourceTitle "playchess.com"]
[Source "ChessBase"]
[SourceQuality "1"]
[TimeControl "900+10"]

1. e4 {[%emt 0:00:00]} c5 {[%emt 0:00:00]} 2. Nf3 {[%emt 0:00:00]} e6 {[%emt 0:00:00]} 3. d4 {[%emt 0:00:01]} cxd4 {[%emt 0:00:00]} 4. Nxd4 {[%emt 0:00:01]} a6 {[%emt 0:00:00]} 5. c4 {[%emt 0:00:19]} Nf6 {[%emt 0:00:00]} 6. Nc3 {[%emt 0:00:03]} Qc7 {[%emt 0:00:31]} 7. Qd3 {[%emt 0:00:17]} Nc6 {[%emt 0:01:11]} 8. Nxc6 {[%emt 0:00:06]} dxc6 {[%emt 0:00:07]} 9. Be2 {[%emt 0:00:48]} e5 {[%emt 0:00:45]} 10. Qg3 {[%emt 0:00:11]} Be7 {[%emt 0:00:02]} 11. f4 {[%emt 0:00:53]} Be6 {[%emt 0:04:47]} 12. O-O {[%emt 0:03:48]} exf4 {[%emt 0:04:10]} 13. Bxf4 {[%emt 0:00:02]} Qb6+ {[%emt 0:00:01]} 14. Kh1 {[%emt 0:00:02]} O-O {[%emt 0:00:03]} 15. e5 {[%emt 0:00:12]} Nd7 {[%emt 0:00:07]} 16. Bh6 {[%emt 0:03:01]} g6 {[%emt 0:00:05]} 17. Bg4 {[%emt 0:01:36]} Bxg4 {[%emt 0:00:38]} 18. Qxg4 {[%emt 0:00:01]} Nxe5 {[%emt 0:00:13]} 19. Qe2 {[%emt 0:00:01]} f6 {[%emt 0:00:11]} 20. Bxf8 {[%emt 0:00:02]} Rxf8 {[%emt 0:00:03]} 21. Rad1 {[%emt 0:00:22]} Qc7 {[%emt 0:00:37]} 22. Ne4 {[%emt 0:00:42]} f5 {[%emt 0:00:54]} 23. Nd2 {[%emt 0:00:01]} Bf6 {[%emt 0:00:09]} 24. Nf3 {[%emt 0:00:02]} Rf7 {[%emt 0:00:32]} 25. c5 {[%emt 0:00:25]} Re7 {[%emt 0:00:22]} 26. Nxe5 {[%emt 0:00:18]} Bxe5 {[%emt 0:00:11]} 27. Rfe1 {[%emt 0:00:08]} Kg7 {[%emt 0:00:09]} 28. b4 {[%emt 0:00:30]} h5 {[%emt 0:00:24]} 29. Qd2 {[%emt 0:01:44]} h4 {[%emt 0:00:17]} 30. Qd8 {[%emt 0:00:15]} Qxd8 {[%emt 0:00:42]} 31. Rxd8 {[%emt 0:00:02]} Kf6 {[%emt 0:00:01]} 32. h3 {[%emt 0:00:41]} g5 {[%emt 0:00:12]} 33. a3 {[%emt 0:00:27]} g4 {[%emt 0:00:50]} 34. Rf8+ {[%emt 0:00:19]} Kg5 {[%emt 0:00:58]} 35. Rg8+ {[%emt 0:00:18]} Kf4 {[%emt 0:00:28]} 36. hxg4 {[%emt 0:00:10]} fxg4 {[%emt 0:00:01]} 37. Rf1+ {[%emt 0:00:04]} Ke3 {[%emt 0:00:02]} 38. Rxg4 {[%emt 0:00:05]} Bg3 {[%emt 0:00:01]} 39. Rxg3+ {[%emt 0:00:02]} 1-0

[Event "RUS-ch Rapid Men 2018"]
[Site "Sochi"]
[Date "2018.10.05"]
[Round "3"]
[White "Grachev, Boris"]
[Black "Tsvetkov, Andrey"]
[Result "1-0"]
[WhiteElo "2626"]
[BlackElo "2264"]
[Annotator "RC"]
[PlyCount "125"]
[EventDate "2018.10.05"]
[EventType "swiss"]
[EventCountry "RUS"]
[SourceTitle "playchess.com"]
[Source "ChessBase"]
[SourceQuality "1"]
[TimeControl "900+10"]

1. d4 {[%emt 0:00:00]} d5 {[%emt 0:00:00]} 2. Bf4 {[%emt 0:00:00]} c5 {[%emt 0:00:00]} 3. e3 {[%emt 0:00:00]} Nc6 {[%emt 0:00:00]} 4. c3 {[%emt 0:00:01]} Nf6 {[%emt 0:00:00]} 5. Nd2 {[%emt 0:00:03]} Bf5 {[%emt 0:00:28]} 6. Ngf3 {[%emt 0:00:50]} e6 {[%emt 0:00:03]} 7. Nh4 {[%emt 0:00:02]} Bg4 {[%emt 0:00:20]} 8. Qb3 {[%emt 0:00:02]} Qc8 {[%emt 0:00:40]} 9. h3 {[%emt 0:00:03]} Bh5 {[%emt 0:00:02]} 10. g4 {[%emt 0:00:03]} Bg6 {[%emt 0:00:01]} 11. Nxg6 {[%emt 0:00:04]} hxg6 {[%emt 0:00:02]} 12. Bg2 {[%emt 0:00:01]} Be7 {[%emt 0:00:40]} 13. O-O {[%emt 0:00:07]} O-O {[%emt 0:00:16]} 14. Rfe1 {[%emt 0:00:07]} Rd8 {[%emt 0:00:18]} 15. Rad1 {[%emt 0:00:04]} Nd7 {[%emt 0:00:31]} 16. Nf3 {[%emt 0:00:36]} Nf6 {[%emt 0:01:06]} 17. Qc2 {[%emt 0:00:45]} cxd4 {[%emt 0:00:14]} 18. exd4 {[%emt 0:00:24]} b5 {[%emt 0:00:22]} 19. Bf1 {[%emt 0:03:34]} b4 {[%emt 0:00:28]} 20. Rc1 {[%emt 0:00:38]} Qb7 {[%emt 0:06:15]} 21. Qa4 {[%emt 0:01:05]} Bd6 {[%emt 0:02:47]} 22. Bxd6 {[%emt 0:01:23]} Rxd6 {[%emt 0:00:02]} 23. cxb4 {[%emt 0:00:02]} Qxb4 {[%emt 0:00:53]} 24. Qxb4 {[%emt 0:00:39]} Nxb4 {[%emt 0:00:01]} 25. a3 {[%emt 0:00:35]} Nc6 {[%emt 0:00:09]} 26. Rc2 {[%emt 0:00:36]} Ne4 {[%emt 0:01:33]} 27. Rec1 {[%emt 0:00:17]} Ne7 {[%emt 0:00:02]} 28. Rc7 {[%emt 0:01:11]} Kf8 {[%emt 0:00:10]} 29. b4 {[%emt 0:00:41]} f6 {[%emt 0:00:21]} 30. Bd3 {[%emt 0:00:30]} Ke8 {[%emt 0:00:50]} 31. Kf1 {[%emt 0:02:18]} Kd8 {[%emt 0:00:34]} 32. Ke2 {[%emt 0:00:26]} Rc8 {[%emt 0:00:49]} 33. Rxc8+ {[%emt 0:00:03]} Nxc8 {[%emt 0:00:01]} 34. Ke3 {[%emt 0:00:01]} Kd7 {[%emt 0:00:30]} 35. a4 {[%emt 0:00:37]} Rb6 {[%emt 0:00:09]} 36. b5 {[%emt 0:00:32]} Ncd6 {[%emt 0:00:03]} 37. h4 {[%emt 0:00:17]} Rb8 {[%emt 0:00:07]} 38. Ng1 {[%emt 0:01:10]} Rc8 {[%emt 0:00:18]} 39. Rxc8 {[%emt 0:00:08]} Kxc8 {[%emt 0:00:01]} 40. Ne2 {[%emt 0:00:04]} e5 {[%emt 0:00:12]} 41. f3 {[%emt 0:00:12]} exd4+ {[%emt 0:00:14]} 42. Kxd4 {[%emt 0:00:04]} Nd2 {[%emt 0:00:01]} 43. Kxd5 {[%emt 0:00:09]} Kd7 {[%emt 0:00:07]} 44. f4 {[%emt 0:01:13]} Nf3 {[%emt 0:00:18]} 45. Bxg6 {[%emt 0:00:14]} Nxh4 {[%emt 0:00:01]} 46. Bd3 {[%emt 0:00:03]} Ng2 {[%emt 0:00:05]} 47. Kd4 {[%emt 0:00:07]} Ne1 {[%emt 0:00:06]} 48. Be4 {[%emt 0:00:18]} Nxe4 {[%emt 0:00:27]} 49. Kxe4 {[%emt 0:00:02]} Nc2 {[%emt 0:00:05]} 50. Nd4 {[%emt 0:00:13]} Nb4 {[%emt 0:00:26]} 51. Nc6 {[%emt 0:00:28]} Na2 {[%emt 0:00:00]} 52. Kd4 {[%emt 0:00:05]} Nc1 {[%emt 0:00:08]} 53. f5 {[%emt 0:00:24]} Ne2+ {[%emt 0:00:07]} 54. Kc4 {[%emt 0:00:03]} Nf4 {[%emt 0:00:15]} 55. Nxa7 {[%emt 0:00:03]} Kd6 {[%emt 0:00:01]} 56. a5 {[%emt 0:00:08]} Kc7 {[%emt 0:00:05]} 57. Nc6 {[%emt 0:00:06]} Ng2 {[%emt 0:00:05]} 58. Kd4 {[%emt 0:00:05]} Ne1 {[%emt 0:00:03]} 59. Nb4 {[%emt 0:00:19]} Nf3+ {[%emt 0:00:02]} 60. Kc5 {[%emt 0:00:01]} Ne5 {[%emt 0:00:02]} 61. b6+ {[%emt 0:00:04]} Kc8 {[%emt 0:00:01]} 62. a6 {[%emt 0:00:10]} Nd7+ {[%emt 0:00:02]} 63. Kb5 {[%emt 0:00:02]} 1-0

[Event "RUS-ch Rapid Men 2018"]
[Site "Sochi"]
[Date "2018.10.05"]
[Round "3"]
[White "Oparin, Grigoriy"]
[Black "Gordievsky, Dmitry"]
[Result "1-0"]
[WhiteElo "2624"]
[BlackElo "2615"]
[Annotator "TA"]
[PlyCount "61"]
[EventDate "2018.10.05"]
[EventType "swiss"]
[EventCountry "RUS"]
[SourceTitle "playchess.com"]
[Source "ChessBase"]
[SourceQuality "1"]

{[%evp 12,61,0,0,55,54,62,52,56,41,46,37,47,29,34,37,39,29,30,27,36,31,36,44,58,46,71,0,8,0,13,12,30,-54,39,0,0,0,0,0,9,-7,68,65,124,54,1395,1365,29977,29978,29976,12708]} 1. Nf3 c5 2. c4 Nc6 3. d4 cxd4 4. Nxd4 g6 5. e4 Bg7 6. Nc2 d6 7. Be2 {LiveBook: 182 Games} a5 {B37: Sicilian: Maroczy Bind with 5...Bg7, sidelines} (7... Nf6 $11) (7... Nf6 8. Nc3 O-O 9. O-O Be6 10. Bd2 Nd7 11. Rc1 Nc5 12. b4 Bxc3 13. Bxc3 Nxe4 14. Ba1 a5 15. b5 Ne5 16. Qd4 Nf6 17. Ne3 Ned7 18. Bf3 {1-0 (33) Aronian,L (2785)-Flores,D (2579) Doha 2016}) 8. Nc3 $146 ({Predecessor:} 8. O-O a4 9. Nba3 Nf6 10. f3 Nd7 11. Rb1 O-O 12. Be3 Nc5 13. Nd4 Bd7 14. Nab5 {½-½ (14) Zagorskis,D (2514)-Malisauskas,V (2459) Vilnius 2009}) 8... a4 9. Bd2 Nf6 {[%cal Bg8f6,Bf6d7,Bd7c5][%mdl 32] White is slightly better.} 10. O-O O-O 11. Na3 Nd4 12. Bd3 Bd7 13. Rb1 Bc6 14. f3 Nd7 15. Be3 Nc5 16. Re1 e5 {[%cal Be7e5,Be5d4][%mdl 32]} 17. Nab5 f5 18. exf5 gxf5 19. Bxd4 (19. Bf1 $16) 19... exd4 $11 20. Nd5 Bxd5 21. cxd5 Qb6 22. Qd2 (22. Bc4 $11) 22... Rae8 (22... Nxd3 $15 23. Qxd3 Ra5) 23. Rxe8 Rxe8 24. Re1 Rxe1+ 25. Qxe1 {[#] Hoping for Qe8+.} Kf8 26. Qd2 {Qf4 is the strong threat.} Be5 ({Black should try} 26... Nxd3 $11 27. Qxd3 Kg8) 27. Qh6+ $14 Bg7 {[#]} (27... Kg8 $14) 28. Qg5 (28. Qh5 $1 $16) 28... Nxd3 $4 {[%mdl 8192]} (28... Kg8 $14 29. Qxf5 h5 30. Qh7+ Kf8) 29. Qxf5+ $18 Kg8 30. Qe6+ Kf8 31. Nxd6 {Precision: White = 52%, Black = 33%.} 1-0

[Event "RUS-ch Rapid Men 2018"]
[Site "Sochi"]
[Date "2018.10.05"]
[Round "3"]
[White "Maletin, Pavel"]
[Black "Chigaev, Maksim"]
[Result "1-0"]
[WhiteElo "2586"]
[BlackElo "2599"]
[Annotator "ChessBase"]
[PlyCount "89"]
[EventDate "2018.10.05"]
[EventType "swiss"]
[EventCountry "RUS"]
[SourceTitle "playchess.com"]
[Source "ChessBase"]
[SourceQuality "1"]
[TimeControl "900+10"]

1. c4 {[%emt 0:00:00]} g6 {[%emt 0:00:00]} 2. Nf3 {[%emt 0:00:00]} Bg7 {[%emt 0:00:00]} 3. d4 {[%emt 0:00:00]} Nf6 {[%emt 0:00:00]} 4. g3 {[%emt 0:00:00]} O-O {[%emt 0:00:02]} 5. Bg2 {[%emt 0:00:00]} d6 {[%emt 0:00:01]} 6. Nc3 {[%emt 0:00:01]} Nc6 {[%emt 0:00:02]} 7. O-O {[%emt 0:00:05]} a6 {[%emt 0:00:01]} 8. b3 {[%emt 0:00:06]} Bd7 {[%emt 0:00:42]} 9. Bb2 {[%emt 0:01:00]} Rb8 {[%emt 0:00:13]} 10. Nd5 {[%emt 0:00:49]} Nh5 {[%emt 0:02:00]} 11. e4 {[%emt 0:00:29]} e5 {[%emt 0:01:32]} 12. h3 {[%emt 0:00:39]} Re8 {[%emt 0:01:22]} 13. Re1 {[%emt 0:03:05]} exd4 {[%emt 0:02:17]} 14. Nxd4 {[%emt 0:00:04]} Ne5 {[%emt 0:00:06]} 15. Rb1 {[%emt 0:01:09]} c6 {[%emt 0:01:42]} 16. Ne3 {[%emt 0:00:23]} c5 {[%emt 0:01:23]} 17. Ndf5 {[%emt 0:01:39]} gxf5 {[%emt 0:01:18]} 18. Qxh5 {[%emt 0:00:06]} fxe4 {[%emt 0:00:18]} 19. Bxe4 {[%emt 0:02:27]} Ng6 {[%emt 0:00:02]} 20. Ng4 {[%emt 0:01:15]} Bxg4 {[%emt 0:01:13]} 21. Qxg4 {[%emt 0:00:41]} Bxb2 {[%emt 0:00:14]} 22. Rxb2 {[%emt 0:00:01]} Qf6 {[%emt 0:03:00]} 23. Rbe2 {[%emt 0:00:09]} Kf8 {[%emt 0:00:10]} 24. Bxb7 {[%emt 0:01:09]} Ne5 {[%emt 0:00:36]} 25. Qe4 {[%emt 0:00:07]} h5 {[%emt 0:00:38]} 26. Bd5 {[%emt 0:00:27]} Ng6 {[%emt 0:00:17]} 27. Qf3 {[%emt 0:00:59]} Qxf3 {[%emt 0:00:01]} 28. Bxf3 {[%emt 0:00:02]} Rxe2 {[%emt 0:00:01]} 29. Rxe2 {[%emt 0:00:02]} h4 {[%emt 0:00:01]} 30. Bh5 {[%emt 0:01:53]} Ne5 {[%emt 0:00:00]} 31. f4 {[%emt 0:00:25]} Nc6 {[%emt 0:00:02]} 32. g4 {[%emt 0:00:04]} a5 {[%emt 0:00:15]} 33. f5 {[%emt 0:00:09]} Nd4 {[%emt 0:00:13]} 34. Re3 {[%emt 0:00:07]} f6 {[%emt 0:00:36]} 35. g5 {[%emt 0:00:02]} fxg5 {[%emt 0:00:23]} 36. f6 {[%emt 0:00:00]} Nc6 {[%emt 0:00:07]} 37. Re6 {[%emt 0:00:11]} Rd8 {[%emt 0:00:03]} 38. Kf2 {[%emt 0:00:12]} a4 {[%emt 0:00:12]} 39. bxa4 {[%emt 0:00:02]} Ne5 {[%emt 0:00:13]} 40. a5 {[%emt 0:00:08]} Rb8 {[%emt 0:00:00]} 41. a6 g4 42. hxg4 {[%emt 0:00:32]} h3 {[%emt 0:00:31]} 43. a7 {[%emt 0:00:08]} Ra8 {[%emt 0:00:02]} 44. Re8+ {[%emt 0:00:06]} Rxe8 {[%emt 0:00:02]} 45. Bxe8 {[%emt 0:00:01]} 1-0

[Event "RUS-ch Rapid Men 2018"]
[Site "Sochi"]
[Date "2018.10.05"]
[Round "3"]
[White "Sakaev, Konstantin"]
[Black "Drygalov, Sergey"]
[Result "1/2-1/2"]
[WhiteElo "2584"]
[BlackElo "2446"]
[Annotator "ChessBase"]
[PlyCount "70"]
[EventDate "2018.10.05"]
[EventType "swiss"]
[EventCountry "RUS"]
[SourceTitle "playchess.com"]
[Source "ChessBase"]
[SourceQuality "1"]
[TimeControl "900+10"]

1. d4 {[%emt 0:00:00]} Nf6 {[%emt 0:00:00]} 2. c4 {[%emt 0:00:00]} e6 {[%emt 0:00:00]} 3. Nf3 {[%emt 0:00:00]} b6 {[%emt 0:00:09]} 4. a3 {[%emt 0:00:02]} Ba6 {[%emt 0:00:07]} 5. Qc2 {[%emt 0:00:05]} Bb7 {[%emt 0:00:01]} 6. Nc3 {[%emt 0:00:04]} c5 {[%emt 0:00:01]} 7. e4 {[%emt 0:00:05]} cxd4 {[%emt 0:00:03]} 8. Nxd4 {[%emt 0:00:01]} Bc5 {[%emt 0:00:01]} 9. Nb3 {[%emt 0:00:04]} Nc6 {[%emt 0:00:03]} 10. Bd3 {[%emt 0:00:28]} O-O {[%emt 0:02:40]} 11. O-O {[%emt 0:00:14]} a6 {[%emt 0:01:35]} 12. Nxc5 {[%emt 0:00:40]} bxc5 {[%emt 0:00:03]} 13. Bg5 {[%emt 0:00:54]} h6 {[%emt 0:00:54]} 14. Bh4 {[%emt 0:00:02]} g5 {[%emt 0:00:28]} 15. Bg3 {[%emt 0:00:03]} e5 {[%emt 0:00:01]} 16. f3 {[%emt 0:02:15]} d6 {[%emt 0:00:23]} 17. Bf2 {[%emt 0:00:09]} a5 {[%emt 0:00:57]} 18. Rab1 {[%emt 0:03:32]} Nd4 {[%emt 0:01:08]} 19. Qd1 {[%emt 0:02:03]} Bc6 {[%emt 0:00:20]} 20. b4 {[%emt 0:00:32]} axb4 {[%emt 0:00:37]} 21. axb4 {[%emt 0:00:01]} Nh5 {[%emt 0:01:51]} 22. b5 {[%emt 0:00:07]} Bb7 {[%emt 0:00:01]} 23. Ne2 {[%emt 0:02:21]} Ra3 {[%emt 0:01:43]} 24. Qd2 {[%emt 0:01:11]} Qa8 {[%emt 0:00:50]} 25. Bxd4 {[%emt 0:00:44]} cxd4 {[%emt 0:00:13]} 26. Rfc1 {[%emt 0:00:13]} Rc8 {[%emt 0:00:29]} 27. Ng3 {[%emt 0:00:11]} Nf4 {[%emt 0:01:55]} 28. Bf1 {[%emt 0:00:07]} Rd8 {[%emt 0:02:11]} 29. Nf5 {[%emt 0:00:40]} Kh7 {[%emt 0:00:20]} 30. c5 {[%emt 0:00:25]} dxc5 {[%emt 0:00:01]} 31. Rxc5 {[%emt 0:00:01]} Ra2 {[%emt 0:00:01]} 32. Rb2 {[%emt 0:00:28]} Qa3 {[%emt 0:00:10]} 33. Rxa2 {[%emt 0:00:52]} Qxc5 {[%emt 0:00:01]} 34. g3 {[%emt 0:00:35]} d3+ {[%emt 0:00:27]} 35. Qe3 {[%emt 0:00:03]} Ne6 {[%emt 0:00:30]} 1/2-1/2